[Event "VII Lorca Open 2018"]
[Site "Lorca"]
[Date "2018.12.28"]
[Round "5"]
[White "Redondo Benavente, Ana"]
[Black "Luch, Michal"]
[Result "0-1"]
[WhiteElo "2140"]
[BlackElo "2360"]
[Annotator "NA"]
[PlyCount "112"]
[EventDate "2018.12.26"]
[EventType "swiss"]
[EventCountry "ESP"]
[SourceTitle "playchess.com"]
[Source "ChessBase"]
[SourceQuality "1"]
[TimeControl "5400+30"]

1. e4 {[%emt 0:00:32]} c5 {[%emt 0:00:00]} 2. Nf3 {[%emt 0:00:05]} d6 {[%emt 0:02:54]} 3. Bb5+ {[%emt 0:01:21]} Nd7 {[%emt 0:00:09]} 4. O-O {[%emt 0:00:26]} a6 {[%emt 0:00:38]} 5. Bd3 {[%emt 0:00:06]} b5 {[%emt 0:12:00]} 6. c3 {[%emt 0:00:55]} Bb7 {[%emt 0:03:58]} 7. a4 {[%emt 0:02:15]} Qb6 {[%emt 0:16:40]} 8. axb5 {[%emt 0:06:31]} axb5 {[%emt 0:00:02]} 9. Rxa8+ {[%emt 0:00:08]} Bxa8 {[%emt 0:00:01]} 10. Qe2 {[%emt 0:01:04]} c4 {[%emt 0:07:50]} 11. Bc2 {[%emt 0:00:34]} Nc5 {[%emt 0:00:02]} 12. d4 {[%emt 0:11:15]} cxd3 {[%emt 0:00:07]} 13. Bxd3 {[%emt 0:00:04]} Nxd3 {[%emt 0:00:04]} 14. Qxd3 {[%emt 0:00:04]} Nf6 {[%emt 0:00:05]} 15. Be3 {[%emt 0:09:21]} Qb8 {[%emt 0:00:12]} 16. Nbd2 {[%emt 0:05:48]} e5 {[%emt 0:00:08]} 17. Ra1 {[%emt 0:03:39]} Be7 {[%emt 0:01:38]} 18. Ra6 {[%emt 0:08:55]} O-O {[%emt 0:01:23]} 19. Rb6 {[%emt 0:06:06]} Qa7 {[%emt 0:00:02]} 20. h3 {[%emt 0:01:20]} Qa1+ {[%emt 0:00:53]} 21. Kh2 {[%emt 0:00:01]} Qxb2 {[%emt 0:00:27]} 22. Rxb5 {[%emt 0:01:03]} Qa3 {[%emt 0:02:08]} 23. Qc2 {[%emt 0:11:15]} Bc6 {[%emt 0:06:15]} 24. Rb4 {[%emt 0:05:30]} Qa8 {[%emt 0:05:49]} 25. Rc4 {[%emt 0:04:24]} h6 {[%emt 0:05:55]} 26. Ne1 {[%emt 0:03:12]} Rd8 {[%emt 0:02:06]} 27. Bb6 {[%emt 0:04:06]} Rb8 {[%emt 0:00:55]} 28. Be3 {[%emt 0:01:20]} Rd8 {[%emt 0:03:37]} 29. Bb6 {[%emt 0:00:12]} Rd7 {[%emt 0:00:05]} 30. Be3 {[%emt 0:01:26]} Qa6 {[%emt 0:03:39]} 31. Rb4 {[%emt 0:02:49]} Rd8 {[%emt 0:04:32]} 32. Rb6 {[%emt 0:04:31]} Qa8 {[%emt 0:00:11]} 33. f3 {[%emt 0:00:13]} d5 {[%emt 0:00:33]} 34. Nd3 {[%emt 0:06:29]} dxe4 {[%emt 0:04:56]} 35. Nxe5 {[%emt 0:00:00]} Bd6 {[%emt 0:00:15]} 36. Ndc4 {[%emt 0:00:00]} Bc7 {[%emt 0:03:29]} 37. Rb2 {[%emt 0:00:00]} exf3 {[%emt 0:02:10]} 38. g3 {[%emt 0:00:29]} Be4 {[%emt 0:00:58]} 39. Qb3 {[%emt 0:00:22]} Bd5 {[%emt 0:03:30]} 40. Qb4 {[%emt 0:00:32]} Bxc4 {[%emt 0:06:23]} 41. Nxc4 {[%emt 0:00:08]} Qe4 {[%emt 0:00:01]} 42. Bf2 {[%emt 0:01:32]} Rb8 {[%emt 0:01:25]} 43. Qc5 {[%emt 0:00:32]} Rxb2 {[%emt 0:00:17]} 44. Nxb2 {[%emt 0:00:01]} Qe2 {[%emt 0:00:19]} 45. Nd3 {[%emt 0:01:17]} Bxg3+ {[%emt 0:00:41]} 46. Kg1 {[%emt 0:00:24]} Qd1+ {[%emt 0:01:15]} 47. Ne1 {[%emt 0:00:01]} Bxf2+ {[%emt 0:00:20]} 48. Qxf2 {[%emt 0:00:03]} Ne4 {[%emt 0:00:10]} 49. Qxf3 {[%emt 0:01:00]} Qxe1+ {[%emt 0:00:06]} 50. Kg2 {[%emt 0:00:08]} Qd2+ {[%emt 0:00:13]} 51. Kg1 {[%emt 0:00:14]} Nxc3 {[%emt 0:00:28]} 52. Qa8+ {[%emt 0:00:36]} Kh7 {[%emt 0:00:05]} 53. Qf3 {[%emt 0:00:23]} Qe1+ {[%emt 0:00:10]} 54. Kg2 {[%emt 0:00:09]} Qe4 {[%emt 0:00:06]} 55. h4 {[%emt 0:00:35]} Qxf3+ {[%emt 0:00:06]} 56. Kxf3 {[%emt 0:00:02]} Nd5 {[%emt 0:00:03]} 0-1

[Event "VII Lorca Open 2018"]
[Site "Lorca"]
[Date "2018.12.28"]
[Round "5"]
[White "Guerrero Mendez, Jesus"]
[Black "Ramiro Ovejero, Juan Luis"]
[Result "0-1"]
[WhiteElo "1905"]
[BlackElo "2358"]
[Annotator "NA"]
[PlyCount "64"]
[EventDate "2018.12.26"]
[EventType "swiss"]
[EventCountry "ESP"]
[SourceTitle "playchess.com"]
[Source "ChessBase"]
[SourceQuality "1"]
[TimeControl "5400+30"]

1. e4 {[%emt 0:00:00]} d6 {[%emt 0:00:29]} 2. d4 {[%emt 0:00:00]} Nf6 {[%emt 0:00:06]} 3. Nc3 {[%emt 0:00:00]} c6 {[%emt 0:00:55]} 4. a4 {[%emt 0:00:12]} Qa5 {[%emt 0:00:05]} 5. Bd2 {[%emt 0:02:31]} Qc7 {[%emt 0:00:46]} 6. h3 {[%emt 0:01:13]} e5 {[%emt 0:00:14]} 7. Be3 {[%emt 0:00:51]} d5 {[%emt 0:11:50]} 8. exd5 {[%emt 0:01:43]} Bb4 {[%emt 0:00:07]} 9. Nf3 {[%emt 0:06:29]} e4 {[%emt 0:03:04]} 10. Ne5 {[%emt 0:01:58]} cxd5 {[%emt 0:00:10]} 11. Bb5+ {[%emt 0:01:28]} Nbd7 {[%emt 0:00:32]} 12. Bd2 {[%emt 0:00:38]} O-O {[%emt 0:12:03]} 13. Nxd7 {[%emt 0:02:47]} Bxd7 {[%emt 0:00:11]} 14. Bxd7 {[%emt 0:01:36]} Qxd7 {[%emt 0:01:41]} 15. Ne2 {[%emt 0:07:43]} Bxd2+ {[%emt 0:04:46]} 16. Qxd2 {[%emt 0:01:18]} Ne8 {[%emt 0:00:07]} 17. b3 {[%emt 0:03:46]} Nd6 {[%emt 0:00:59]} 18. Nf4 {[%emt 0:01:56]} Nf5 {[%emt 0:07:16]} 19. g4 {[%emt 0:02:24]} Nh4 {[%emt 0:00:26]} 20. O-O-O {[%emt 0:00:28]} a5 {[%emt 0:04:32]} 21. Qe2 {[%emt 0:01:08]} Qd6 {[%emt 0:01:39]} 22. Nh5 {[%emt 0:00:55]} Qa3+ {[%emt 0:03:16]} 23. Kb1 {[%emt 0:01:39]} Rfc8 {[%emt 0:00:06]} 24. Qb5 {[%emt 0:01:40]} Rxc2 {[%emt 0:02:33]} 25. Kxc2 {[%emt 0:00:41]} Qa2+ {[%emt 0:00:04]} 26. Kc3 {[%emt 0:00:26]} Rc8+ {[%emt 0:00:06]} 27. Qc5 {[%emt 0:00:35]} Rxc5+ {[%emt 0:00:05]} 28. dxc5 {[%emt 0:00:01]} Qxf2 {[%emt 0:01:15]} 29. Rxd5 {[%emt 0:01:11]} h6 {[%emt 0:01:04]} 30. Rhd1 {[%emt 0:02:57]} g6 {[%emt 0:00:30]} 31. Rd8+ {[%emt 0:02:42]} Kh7 {[%emt 0:00:04]} 32. Rf8 {[%emt 0:00:29]} Qxc5+ {[%emt 0:00:15]} 0-1

[Event "VII Lorca Open 2018"]
[Site "Lorca"]
[Date "2018.12.28"]
[Round "5"]
[White "Arjun C Krishnamachari"]
[Black "Pogorelov, Ruslan"]
[Result "0-1"]
[WhiteElo "1895"]
[BlackElo "2354"]
[Annotator "NA"]
[PlyCount "86"]
[EventDate "2018.12.26"]
[EventType "swiss"]
[EventCountry "ESP"]
[SourceTitle "playchess.com"]
[Source "ChessBase"]
[SourceQuality "1"]
[TimeControl "5400+30"]

1. e4 {[%emt 1:30:30]} c5 {[%emt 1:30:30]} 2. Nf3 {[%emt 0:00:30]} e6 {[%emt 0:00:30]} 3. b4 {[%emt 0:00:30]} cxb4 {[%emt 0:00:30]} 4. a3 {[%emt 0:00:30]} Nc6 {[%emt 0:00:30]} 5. axb4 {[%emt 0:00:30]} Bxb4 {[%emt 0:00:30]} 6. c3 {[%emt 0:00:30]} Be7 {[%emt 0:00:30]} 7. d4 {[%emt 0:00:30]} d5 {[%emt 0:00:30]} 8. e5 {[%emt 0:00:30]} Nh6 {[%emt 0:00:30]} 9. Bd3 {[%emt 0:00:30]} Nf5 {[%emt 0:00:30]} 10. h4 {[%emt 0:00:30]} h5 {[%emt 0:00:30]} 11. g3 {[%emt 0:00:30]} g6 {[%emt 0:00:30]} 12. Kf1 {[%emt 0:00:30]} a6 {[%emt 0:00:30]} 13. Na3 {[%emt 0:00:30]} Rb8 {[%emt 0:00:30]} 14. Nc2 {[%emt 0:00:30]} b5 {[%emt 0:00:30]} 15. Bg5 {[%emt 0:00:30]} Bxg5 {[%emt 0:00:30]} 16. hxg5 {[%emt 0:00:30]} Kd7 {[%emt 0:00:30]} 17. Qd2 {[%emt 0:00:30]} Bb7 {[%emt 0:00:30]} 18. Bxf5 {[%emt 0:00:30]} gxf5 {[%emt 0:00:30]} 19. Nce1 {[%emt 0:00:30]} Na5 {[%emt 0:00:30]} 20. Qa2 {[%emt 0:00:30]} Nc4 {[%emt 0:00:30]} 21. Nd3 {[%emt 0:00:30]} a5 {[%emt 0:00:30]} 22. Nf4 {[%emt 0:00:30]} b4 {[%emt 0:00:30]} 23. cxb4 {[%emt 0:00:30]} axb4 {[%emt 0:00:30]} 24. Nxh5 {[%emt 0:00:30]} Ra8 {[%emt 0:00:30]} 25. Qb1 {[%emt 0:00:30]} Qb6 {[%emt 0:00:30]} 26. Rxa8 {[%emt 0:00:30]} Rxa8 {[%emt 0:00:30]} 27. Nf6+ {[%emt 0:00:30]} Kc6 {[%emt 0:00:30]} 28. Kg2 {[%emt 0:00:30]} b3 {[%emt 0:00:30]} 29. Qd3 {[%emt 0:00:30]} b2 {[%emt 0:00:30]} 30. Nd2 {[%emt 0:00:30]} Qb4 {[%emt 0:00:30]} 31. Nb1 {[%emt 0:00:30]} Ra1 {[%emt 0:00:30]} 32. Qc3 {[%emt 0:00:30]} Qxc3 {[%emt 0:00:30]} 33. Nxc3 {[%emt 0:00:30]} Rxh1 {[%emt 0:00:30]} 34. Kxh1 {[%emt 0:00:30]} Na3 {[%emt 0:00:30]} 35. Ne8 {[%emt 0:00:30]} Ba6 {[%emt 0:00:30]} 36. Nd6 {[%emt 0:00:30]} Bd3 {[%emt 0:00:30]} 37. Kh2 {[%emt 0:00:30]} Nb5 {[%emt 0:00:30]} 38. Ndxb5 {[%emt 0:00:30]} Bxb5 {[%emt 0:00:30]} 39. Kh3 {[%emt 0:00:30]} Kb6 {[%emt 0:00:30]} 40. g4 {[%emt 0:00:30]} fxg4+ {[%emt 0:00:30]} 41. Kxg4 {[%emt 0:00:30]} Ka5 {[%emt 0:00:30]} 42. Nb1 {[%emt 0:00:30]} Bd3 {[%emt 0:00:30]} 43. Nd2 {[%emt 0:00:30]} Kb4 {[%emt 0:00:30]} 0-1

[Event "VII Lorca Open 2018"]
[Site "Lorca"]
[Date "2018.12.29"]
[Round "6"]
[White "Svetushkin, Dmitry"]
[Black "Bjerre, Jonas Buhl"]
[Result "1/2-1/2"]
[WhiteElo "2592"]
[BlackElo "2421"]
[Annotator "ChessBase"]
[PlyCount "103"]
[EventDate "2018.12.26"]
[EventType "swiss"]
[EventCountry "ESP"]
[SourceTitle "playchess.com"]
[Source "ChessBase"]
[SourceQuality "1"]
[TimeControl "5400+30"]

1. e4 {[%emt 0:00:10]} c5 {[%emt 0:00:00]} 2. Nf3 {[%emt 0:00:18]} d6 {[%emt 0:00:00]} 3. Bb5+ {[%emt 0:00:07]} Bd7 {[%emt 0:00:26]} 4. Bxd7+ {[%emt 0:00:22]} Nxd7 {[%emt 0:00:08]} 5. O-O {[%emt 0:00:21]} Ngf6 {[%emt 0:00:12]} 6. Qe2 {[%emt 0:00:08]} e6 {[%emt 0:00:14]} 7. d3 {[%emt 0:00:45]} Be7 {[%emt 0:01:22]} 8. Ng5 {[%emt 0:00:07]} h6 {[%emt 0:03:25]} 9. Nh3 {[%emt 0:00:07]} O-O {[%emt 0:03:22]} 10. f4 {[%emt 0:00:11]} Nb8 {[%emt 0:17:44]} 11. Kh1 {[%emt 0:09:41]} Nc6 {[%emt 0:01:22]} 12. g4 {[%emt 0:00:24]} d5 {[%emt 0:06:13]} 13. e5 {[%emt 0:01:11]} Nd7 {[%emt 0:01:24]} 14. Nd2 {[%emt 0:00:53]} f6 {[%emt 0:05:24]} 15. exf6 {[%emt 0:00:51]} Rxf6 {[%emt 0:00:26]} 16. Nf3 {[%emt 0:00:07]} Nf8 {[%emt 0:06:59]} 17. Bd2 {[%emt 0:08:05]} Rf7 {[%emt 0:09:33]} 18. g5 {[%emt 0:08:22]} hxg5 {[%emt 0:03:22]} 19. fxg5 {[%emt 0:00:25]} Ng6 {[%emt 0:05:10]} 20. Qxe6 {[%emt 0:12:54]} Qd6 {[%emt 0:00:25]} 21. Qg4 {[%emt 0:03:18]} Raf8 {[%emt 0:01:30]} 22. Qg2 {[%emt 0:05:25]} Bd8 {[%emt 0:04:23]} 23. Be1 {[%emt 0:05:57]} Qd7 {[%emt 0:04:48]} 24. Bg3 {[%emt 0:00:56]} Qg4 {[%emt 0:03:39]} 25. Bd6 {[%emt 0:02:27]} Qxg2+ {[%emt 0:01:37]} 26. Kxg2 {[%emt 0:00:16]} Be7 {[%emt 0:03:00]} 27. Bg3 {[%emt 0:01:12]} Nb4 {[%emt 0:01:42]} 28. Rac1 {[%emt 0:01:40]} Nxa2 {[%emt 0:00:49]} 29. Rce1 {[%emt 0:00:05]} Nb4 {[%emt 0:00:37]} 30. Re6 {[%emt 0:18:41]} Nxc2 {[%emt 0:01:45]} 31. Rf2 {[%emt 0:02:17]} Rxf3 {[%emt 0:01:39]} 32. Rxc2 {[%emt 0:00:17]} Kf7 {[%emt 0:01:16]} 33. Rce2 {[%emt 0:00:05]} Rxd3 {[%emt 0:02:45]} 34. Nf4 {[%emt 0:02:01]} Nxf4+ {[%emt 0:01:04]} 35. Bxf4 {[%emt 0:00:04]} Kg8 {[%emt 0:01:43]} 36. Bd2 {[%emt 0:06:50]} Bd8 {[%emt 0:01:17]} 37. Rd6 {[%emt 0:00:50]} d4 {[%emt 0:01:37]} 38. Rd7 {[%emt 0:00:56]} Rb3 {[%emt 0:01:37]} 39. Bc1 {[%emt 0:00:23]} d3 {[%emt 0:01:42]} 40. Re5 {[%emt 0:00:23]} c4 {[%emt 0:00:34]} 41. h4 {[%emt 0:03:14]} d2 {[%emt 0:02:34]} 42. Bxd2 {[%emt 0:02:27]} Rxb2 {[%emt 0:00:11]} 43. Kh3 {[%emt 0:00:23]} Rb3+ {[%emt 0:01:25]} 44. Kg4 {[%emt 0:00:08]} c3 {[%emt 0:00:32]} 45. Bc1 {[%emt 0:00:59]} c2 {[%emt 0:00:41]} 46. Rc5 {[%emt 0:01:57]} g6 {[%emt 0:00:42]} 47. Rxc2 {[%emt 0:00:49]} Bb6 {[%emt 0:00:25]} 48. Bb2 {[%emt 0:02:02]} Rb4+ {[%emt 0:00:14]} 49. Kh3 {[%emt 0:00:09]} Rb3+ {[%emt 0:00:21]} 50. Kg4 {[%emt 0:02:10]} Rb4+ {[%emt 0:00:30]} 51. Kh3 {[%emt 0:00:08]} Rb3+ {[%emt 0:00:14]} 52. Kg4 {[%emt 0:00:32]} 1/2-1/2

[Event "VII Lorca Open 2018"]
[Site "Lorca"]
[Date "2018.12.29"]
[Round "6"]
[White "Ibarra Jerez, Jose Carlos"]
[Black "Merario Alarcon, Andres"]
[Result "1/2-1/2"]
[WhiteElo "2558"]
[BlackElo "2404"]
[Annotator "ChessBase"]
[PlyCount "111"]
[EventDate "2018.12.26"]
[EventType "swiss"]
[EventCountry "ESP"]
[SourceTitle "playchess.com"]
[Source "ChessBase"]
[SourceQuality "1"]
[TimeControl "5400+30"]

1. Nf3 {[%emt 0:00:00]} d5 {[%emt 0:00:00]} 2. b3 {[%emt 0:00:26]} Nf6 {[%emt 0:00:00]} 3. Bb2 {[%emt 0:00:53]} e6 {[%emt 0:00:00]} 4. g3 {[%emt 0:02:26]} Be7 {[%emt 0:00:36]} 5. Bg2 {[%emt 0:00:38]} O-O {[%emt 0:00:19]} 6. O-O {[%emt 0:00:10]} b6 {[%emt 0:04:45]} 7. c4 {[%emt 0:02:02]} Bb7 {[%emt 0:00:40]} 8. e3 {[%emt 0:03:42]} dxc4 {[%emt 0:04:46]} 9. bxc4 {[%emt 0:00:42]} c5 {[%emt 0:00:07]} 10. d3 {[%emt 0:02:32]} Qc7 {[%emt 0:03:33]} 11. Nc3 {[%emt 0:00:53]} a6 {[%emt 0:01:05]} 12. Qe2 {[%emt 0:01:54]} Nc6 {[%emt 0:01:57]} 13. Rfd1 {[%emt 0:01:14]} Rfd8 {[%emt 0:02:58]} 14. Rab1 {[%emt 0:02:50]} Rab8 {[%emt 0:01:49]} 15. Ba1 {[%emt 0:02:34]} Na5 {[%emt 0:10:09]} 16. Ne1 {[%emt 0:19:06]} Bxg2 {[%emt 0:00:56]} 17. Nxg2 {[%emt 0:01:44]} Qc6 {[%emt 0:01:53]} 18. a4 {[%emt 0:01:42]} Ne8 {[%emt 0:02:04]} 19. Nf4 {[%emt 0:02:32]} Nf6 {[%emt 0:13:43]} 20. f3 {[%emt 0:10:41]} Rb7 {[%emt 0:05:43]} 21. Ne4 {[%emt 0:06:19]} Nxe4 {[%emt 0:01:46]} 22. fxe4 {[%emt 0:01:00]} Bf8 {[%emt 0:17:31]} 23. Rf1 {[%emt 0:12:14]} Kh8 {[%emt 0:03:36]} 24. Qg4 {[%emt 0:02:00]} Qd7 {[%emt 0:04:41]} 25. Rf2 {[%emt 0:02:06]} Nc6 {[%emt 0:03:05]} 26. Rbf1 {[%emt 0:00:36]} Re8 {[%emt 0:05:04]} 27. Qh5 {[%emt 0:02:57]} Kg8 {[%emt 0:03:25]} 28. Qg4 {[%emt 0:02:36]} e5 {[%emt 0:01:07]} 29. Qxd7 {[%emt 0:00:44]} Rxd7 {[%emt 0:00:01]} 30. Nd5 {[%emt 0:00:12]} Rb7 {[%emt 0:01:55]} 31. Bc3 {[%emt 0:01:32]} Reb8 {[%emt 0:00:38]} 32. Rb2 {[%emt 0:00:28]} b5 {[%emt 0:01:08]} 33. Rfb1 {[%emt 0:02:33]} b4 {[%emt 0:00:06]} 34. Be1 {[%emt 0:00:09]} a5 {[%emt 0:00:29]} 35. g4 {[%emt 0:00:19]} Re8 {[%emt 0:00:41]} 36. Bg3 {[%emt 0:00:26]} Na7 {[%emt 0:00:37]} 37. Rf1 {[%emt 0:01:01]} Nc8 {[%emt 0:00:32]} 38. Rbf2 {[%emt 0:01:35]} Bd6 {[%emt 0:00:53]} 39. Rf5 {[%emt 0:00:54]} Re6 {[%emt 0:00:54]} 40. Kg2 {[%emt 0:00:31]} Re8 {[%emt 0:00:19]} 41. h4 {[%emt 0:01:02]} h6 {[%emt 0:01:29]} 42. R5f2 {[%emt 0:01:09]} Na7 {[%emt 0:00:28]} 43. Kf3 {[%emt 0:00:42]} Nc6 {[%emt 0:00:14]} 44. Ke2 {[%emt 0:00:24]} Bf8 {[%emt 0:00:18]} 45. Kd2 {[%emt 0:00:16]} Re6 {[%emt 0:00:09]} 46. Rf5 {[%emt 0:01:25]} Bd6 {[%emt 0:00:31]} 47. Bh2 {[%emt 0:00:49]} Bf8 {[%emt 0:00:53]} 48. Kc2 {[%emt 0:00:19]} Bd6 {[%emt 0:00:15]} 49. R1f2 {[%emt 0:00:59]} Bf8 {[%emt 0:00:06]} 50. g5 {[%emt 0:01:03]} h5 {[%emt 0:00:22]} 51. g6 {[%emt 0:00:39]} Rxg6 {[%emt 0:00:10]} 52. Bxe5 {[%emt 0:01:35]} f6 {[%emt 0:02:27]} 53. Bb2 {[%emt 0:00:53]} b3+ {[%emt 0:00:15]} 54. Kd2 {[%emt 0:00:42]} Bd6 {[%emt 0:00:20]} 55. Kc1 {[%emt 0:05:52]} Be5 {[%emt 0:00:15]} 56. Kb1 {[%emt 0:01:18]} 1/2-1/2

[Event "VII Lorca Open 2018"]
[Site "Lorca"]
[Date "2018.12.29"]
[Round "6"]
[White "Nasuta, Grzegorz"]
[Black "Valmana Canto, Jaime"]
[Result "0-1"]
[WhiteElo "2530"]
[BlackElo "2359"]
[Annotator "ChessBase"]
[PlyCount "114"]
[EventDate "2018.12.26"]
[EventType "swiss"]
[EventCountry "ESP"]
[SourceTitle "playchess.com"]
[Source "ChessBase"]
[SourceQuality "1"]
[TimeControl "5400+30"]

1. e4 {[%emt 0:00:00]} e6 {[%emt 0:05:35]} 2. d4 {[%emt 0:00:00]} d5 {[%emt 0:00:06]} 3. Nc3 {[%emt 0:00:15]} Nf6 {[%emt 0:00:09]} 4. Bg5 {[%emt 0:00:20]} Bb4 {[%emt 0:01:08]} 5. e5 {[%emt 0:00:15]} h6 {[%emt 0:00:07]} 6. Bc1 {[%emt 0:00:05]} Ne4 {[%emt 0:01:21]} 7. Qg4 {[%emt 0:00:17]} g6 {[%emt 0:00:14]} 8. a3 {[%emt 0:00:09]} Bxc3+ {[%emt 0:00:38]} 9. bxc3 {[%emt 0:00:14]} Nxc3 {[%emt 0:02:14]} 10. Bd3 {[%emt 0:00:17]} b6 {[%emt 0:13:06]} 11. a4 {[%emt 0:26:31]} Qd7 {[%emt 0:09:43]} 12. Qh4 {[%emt 0:47:04]} Ba6 {[%emt 0:11:01]} 13. Nf3 {[%emt 0:01:55]} c5 {[%emt 0:21:22]} 14. Ra3 {[%emt 0:04:16]} Ne4 {[%emt 0:01:18]} 15. O-O {[%emt 0:08:46]} Qe7 {[%emt 0:02:25]} 16. Qh3 {[%emt 0:02:34]} c4 {[%emt 0:10:05]} 17. Bxe4 {[%emt 0:02:54]} dxe4 {[%emt 0:00:06]} 18. Ng5 {[%emt 0:00:12]} Bb7 {[%emt 0:02:04]} 19. Rg3 {[%emt 0:01:49]} Na6 {[%emt 0:00:09]} 20. Ba3 {[%emt 0:00:31]} Qd7 {[%emt 0:00:06]} 21. Qh4 {[%emt 0:00:45]} O-O-O {[%emt 0:00:11]} 22. Nxe4 {[%emt 0:00:32]} Qxd4 {[%emt 0:03:43]} 23. Re3 {[%emt 0:00:18]} Kb8 {[%emt 0:04:11]} 24. Bd6+ {[%emt 0:00:57]} Rxd6 {[%emt 0:03:38]} 25. exd6 {[%emt 0:00:01]} g5 {[%emt 0:00:08]} 26. Qh5 {[%emt 0:01:17]} Bxe4 {[%emt 0:01:38]} 27. Qxf7 {[%emt 0:00:38]} Bd5 {[%emt 0:03:37]} 28. c3 {[%emt 0:00:36]} Qc5 {[%emt 0:00:40]} 29. Qf6 {[%emt 0:00:12]} Qc8 {[%emt 0:00:21]} 30. Rh3 {[%emt 0:00:48]} Nc5 {[%emt 0:01:56]} 31. Rxh6 {[%emt 0:00:01]} Rxh6 32. Qxh6 {[%emt 0:00:00]} Ne4 {[%emt 0:00:43]} 33. Qg7 {[%emt 0:00:34]} Qd8 {[%emt 0:00:48]} 34. d7 {[%emt 0:01:05]} Kc7 {[%emt 0:00:15]} 35. f4 {[%emt 0:00:50]} Qxd7 {[%emt 0:01:08]} 36. Qxd7+ {[%emt 0:00:29]} Kxd7 {[%emt 0:00:01]} 37. fxg5 {[%emt 0:00:02]} Nxg5 {[%emt 0:00:03]} 38. h4 {[%emt 0:00:33]} Ne4 {[%emt 0:00:01]} 39. h5 {[%emt 0:00:30]} Nxc3 {[%emt 0:02:34]} 40. h6 {[%emt 0:00:02]} Be4 {[%emt 0:00:01]} 41. Rf7+ {[%emt 0:00:40]} Kd6 {[%emt 0:00:22]} 42. Kf2 {[%emt 0:00:24]} Nxa4 {[%emt 0:01:06]} 43. Rxa7 {[%emt 0:00:41]} Nc5 {[%emt 0:00:45]} 44. h7 {[%emt 0:00:35]} Bxh7 {[%emt 0:00:32]} 45. Rxh7 {[%emt 0:00:02]} c3 {[%emt 0:00:26]} 46. Ke3 {[%emt 0:01:04]} b5 {[%emt 0:00:00]} 47. Rh4 {[%emt 0:00:06]} e5 {[%emt 0:01:11]} 48. Ke2 {[%emt 0:00:32]} Kd5 {[%emt 0:00:23]} 49. Kd1 {[%emt 0:00:11]} e4 {[%emt 0:00:12]} 50. g4 {[%emt 0:00:29]} b4 {[%emt 0:00:01]} 51. Rh3 {[%emt 0:01:06]} Kd4 {[%emt 0:00:16]} 52. g5 {[%emt 0:00:08]} b3 {[%emt 0:00:05]} 53. g6 {[%emt 0:00:08]} c2+ {[%emt 0:00:55]} 54. Kd2 {[%emt 0:00:13]} Nd3 {[%emt 0:00:08]} 55. Rh1 {[%emt 0:00:18]} e3+ {[%emt 0:00:17]} 56. Ke2 {[%emt 0:00:02]} Nf4+ {[%emt 0:00:14]} 57. Kf3 {[%emt 0:00:05]} Nxg6 {[%emt 0:03:03]} 0-1

[Event "VII Lorca Open 2018"]
[Site "Lorca"]
[Date "2018.12.29"]
[Round "6"]
[White "Pap, Misa"]
[Black "Grigoryan, Karen H."]
[Result "1/2-1/2"]
[WhiteElo "2480"]
[BlackElo "2557"]
[Annotator "ChessBase"]
[PlyCount "27"]
[EventDate "2018.12.26"]
[EventType "swiss"]
[EventCountry "ESP"]
[SourceTitle "playchess.com"]
[Source "ChessBase"]
[SourceQuality "1"]
[TimeControl "5400+30"]

1. e4 {[%emt 0:00:00]} Nc6 {[%emt 0:02:34]} 2. d4 {[%emt 0:00:00]} e5 {[%emt 0:00:37]} 3. Nf3 {[%emt 0:02:33]} exd4 {[%emt 0:00:20]} 4. Bc4 {[%emt 0:00:06]} Bc5 {[%emt 0:00:40]} 5. c3 {[%emt 0:00:09]} Nf6 {[%emt 0:02:49]} 6. cxd4 {[%emt 0:00:06]} Bb4+ {[%emt 0:00:25]} 7. Bd2 {[%emt 0:00:33]} Bxd2+ {[%emt 0:00:07]} 8. Nbxd2 {[%emt 0:00:04]} d5 {[%emt 0:00:06]} 9. exd5 {[%emt 0:00:08]} Nxd5 {[%emt 0:00:04]} 10. Qb3 {[%emt 0:00:11]} Na5 {[%emt 0:00:40]} 11. Qa4+ {[%emt 0:00:08]} Nc6 {[%emt 0:00:14]} 12. Qb3 {[%emt 0:00:05]} Na5 {[%emt 0:02:21]} 13. Qa4+ {[%emt 0:00:07]} Nc6 {[%emt 0:00:03]} 14. Qb3 {[%emt 0:00:04]} 1/2-1/2

[Event "VII Lorca Open 2018"]
[Site "Lorca"]
[Date "2018.12.29"]
[Round "6"]
[White "Franco Ocampos, Zenon"]
[Black "Martin Duque, Jesus"]
[Result "1/2-1/2"]
[WhiteElo "2477"]
[BlackElo "2354"]
[Annotator "ChessBase"]
[PlyCount "88"]
[EventDate "2018.12.26"]
[EventType "swiss"]
[EventCountry "ESP"]
[SourceTitle "playchess.com"]
[Source "ChessBase"]
[SourceQuality "1"]
[TimeControl "5400+30"]

1. d4 {[%emt 0:00:00]} Nf6 {[%emt 0:00:00]} 2. c4 {[%emt 0:00:00]} e6 {[%emt 0:00:00]} 3. Nc3 {[%emt 0:00:00]} Bb4 {[%emt 0:00:00]} 4. e3 {[%emt 0:00:00]} O-O {[%emt 0:00:02]} 5. Bd3 {[%emt 0:00:14]} c5 {[%emt 0:00:10]} 6. a3 {[%emt 0:00:29]} Bxc3+ {[%emt 0:00:22]} 7. bxc3 {[%emt 0:00:04]} d5 {[%emt 0:00:53]} 8. cxd5 {[%emt 0:00:48]} exd5 {[%emt 0:00:33]} 9. Ne2 {[%emt 0:00:05]} b6 {[%emt 0:01:39]} 10. O-O {[%emt 0:00:06]} Ba6 {[%emt 0:00:46]} 11. f3 {[%emt 0:00:56]} Re8 {[%emt 0:02:13]} 12. Ng3 {[%emt 0:00:40]} Bxd3 {[%emt 0:02:24]} 13. Qxd3 {[%emt 0:00:05]} Nc6 {[%emt 0:00:29]} 14. Ra2 {[%emt 0:02:34]} Qd7 {[%emt 0:01:24]} 15. Re2 {[%emt 0:01:03]} Rac8 {[%emt 0:02:50]} 16. Bb2 {[%emt 0:04:03]} Red8 {[%emt 0:27:11]} 17. Rd1 {[%emt 0:05:50]} cxd4 {[%emt 0:02:28]} 18. cxd4 {[%emt 0:00:46]} Ne7 {[%emt 0:00:31]} 19. e4 {[%emt 0:03:12]} Ng6 {[%emt 0:00:05]} 20. Qd2 {[%emt 0:02:22]} h5 {[%emt 0:00:40]} 21. e5 {[%emt 0:14:27]} h4 {[%emt 0:01:42]} 22. Nf1 {[%emt 0:00:17]} Nh5 {[%emt 0:01:22]} 23. g3 {[%emt 0:00:33]} f6 {[%emt 0:12:30]} 24. Qd3 {[%emt 0:26:29]} Nf8 {[%emt 0:11:13]} 25. f4 {[%emt 0:05:14]} f5 {[%emt 0:02:13]} 26. Qf3 {[%emt 0:02:32]} g6 {[%emt 0:01:12]} 27. Ne3 {[%emt 0:00:18]} Qf7 {[%emt 0:04:26]} 28. Rg2 {[%emt 0:02:35]} hxg3 {[%emt 0:04:22]} 29. hxg3 {[%emt 0:00:05]} Ne6 {[%emt 0:00:43]} 30. Rf1 {[%emt 0:08:57]} Kf8 {[%emt 0:02:21]} 31. g4 {[%emt 0:01:50]} Nhxf4 {[%emt 0:00:52]} 32. gxf5 {[%emt 0:00:24]} gxf5 {[%emt 0:00:15]} 33. Qg3 {[%emt 0:00:25]} Nxg2 {[%emt 0:06:13]} 34. Rxf5 {[%emt 0:00:04]} Nxe3 {[%emt 0:00:03]} 35. Rxf7+ {[%emt 0:00:04]} Kxf7 {[%emt 0:00:03]} 36. Qxe3 {[%emt 0:00:06]} Ke7 {[%emt 0:01:18]} 37. a4 {[%emt 0:03:10]} Rg8+ {[%emt 0:03:16]} 38. Kf1 {[%emt 0:00:08]} Rcf8+ {[%emt 0:00:42]} 39. Ke1 {[%emt 0:00:04]} Rf4 {[%emt 0:03:42]} 40. Qa3+ {[%emt 0:00:40]} Kf7 {[%emt 0:00:01]} 41. Qd6 {[%emt 0:00:29]} Rg1+ {[%emt 0:02:23]} 42. Ke2 {[%emt 0:00:13]} Rg2+ {[%emt 0:00:20]} 43. Ke1 {[%emt 0:00:29]} Rg1+ {[%emt 0:00:39]} 44. Ke2 {[%emt 0:00:03]} Rg2+ {[%emt 0:05:29]} 1/2-1/2